| 000 | 00762nac a22002171u 4500 | ||
|---|---|---|---|
| 020 | _a9781859649183 | ||
| 082 |
_a371.30281 _bM2832 |
||
| 090 |
_c4834 _d4834 |
||
| 100 | _aManning, Anthony | ||
| 245 |
_aTeam-working/ _cAnthony manning & Clare Nukui &Andrew O'cean with Jennifer Book _nModule 4 _pCourse book |
||
| 260 |
_aLondon: _bGarnet pub.,2007 _c2007 |
||
| 300 |
_a30 p.: _bill.; _c23 cm. |
||
| 440 | _auniversity foundation study | ||
| 650 | _aStudy skills | ||
| 650 | _aLife skills | ||
| 700 | _aNukui, Clare | ||
| 700 | _aO'cean, Andrew | ||
| 700 | _aBook, Jennifer | ||
| 942 |
_cNB _k371.30281M2832 |
||
| 999 |
_c4834 _d4834 |
||